| 000 | 00704cam a22002411 4500 | ||
|---|---|---|---|
| 001 | sa 68005179 | ||
| 003 | DLC | ||
| 005 | 20260227112506.0 | ||
| 008 | 710915s1967 ii k 000 0 eng | ||
| 010 | _asa 68005179 | ||
| 025 | _aPL480:I-E-9723 | ||
| 040 |
_aDLC _cDLC _dDLC |
||
| 043 | _aa-ii--- | ||
| 050 | 0 | 0 |
_aKNU1260.5 _b.A33 1967 |
| 082 | 0 | 0 | _a340 |
| 110 | 1 |
_aMaharashtra (India). _bBuildings and Communications Department. |
|
| 245 | 1 | 4 | _aThe Maharashtra public works account code. |
| 250 | _a1st ed. | ||
| 260 |
_aNagpur, _bGovt. Press, _c1967. |
||
| 300 |
_ax, 500 p. _bforms. _c21 cm. |
||
| 350 | _aRs6.50 | ||
| 650 | 0 |
_aPublic works _xAccounting _xLaw and legislation _zIndia _zMaharashtra. |
|
| 999 |
_c80570 _d80570 |
||